| 000 | 004290000a22001690004500 | ||
|---|---|---|---|
| 003 | MACL | ||
| 005 | 20160105142706.0 | ||
| 008 | 160105b xxu||||| |||| 00| 0 eng d | ||
| 040 |
_aMACL _cMACL |
||
| 041 | _aEnglish | ||
| 082 | _a824/CLI | ||
| 100 |
_aBibington, Thomas _928085 |
||
| 245 |
_aCritical & Historical Essays _bvol 4 |
||
| 260 |
_bJ M Dent & Sons LTD _aLondon |
||
| 650 |
_aEssays _928086 |
||
| 942 |
_cBK _k824/CLI _2ddc |
||
| 999 |
_c37262 _d37262 |
||